Los country enterprises boards (CEB) de Irlanda (Registro nro. 29677)
[ vista simple ]
| 000 -CABECERA | |
|---|---|
| Longitud fija campo de control | 01058naa a2200301 c 4500 |
| 001 - NÚMERO DE CONTROL | |
| Número de control | 29677 |
| 003 - IDENTIFICADOR DE NÚMERO DE CONTROL | |
| Identificador del número de control | ES-MaCES |
| 005 - FECHA Y HORA DE LA ÚLTIMA TRANSACCIÓN | |
| Fecha y hora de la última transacción | 20150929135545.0 |
| 008 - CAMPO FIJO DE DESCRIPCIÓN FIJA--INFORMACIÓN GENERAL | |
| Códigos de información de longitud fija | 970605n1995 sp ||| | spa d |
| 035 ## - NÚMERO DE CONTROL DEL SISTEMA | |
| Número de control del sistema | CES19980036212v |
| 040 ## - FUENTE DE CATALOGACIÓN | |
| Centro catalogador de origen | ES-MaCES |
| Lengua de catalogación | spa |
| Centro transcriptor | ES-MaCES |
| 100 1# - ENCABEZAMIENTO PRINCIPAL--NOMBRE PERSONAL | |
| Nombre de persona | Cullen, Paul |
| 9 (RLIN) | 10284 |
| 245 14 - MENCIÓN DE TÍTULO | |
| Título | Los country enterprises boards (CEB) de Irlanda |
| Resto del título | : potencial de nuevas fuentes de empleo |
| Mención de responsabilidad, etc. | Paul Cullen |
| 650 #4 - ASIENTO SECUNDARIO DE MATERIA--TÉRMINO DE MATERIA | |
| Término de materia o nombre geográfico como elemento inicial | Irlanda |
| 9 (RLIN) | 26951 |
| 650 #4 - ASIENTO SECUNDARIO DE MATERIA--TÉRMINO DE MATERIA | |
| Término de materia o nombre geográfico como elemento inicial | nivel local |
| 9 (RLIN) | 27220 |
| 650 #4 - ASIENTO SECUNDARIO DE MATERIA--TÉRMINO DE MATERIA | |
| Término de materia o nombre geográfico como elemento inicial | creación de empresa |
| 9 (RLIN) | 30016 |
| 650 #4 - ASIENTO SECUNDARIO DE MATERIA--TÉRMINO DE MATERIA | |
| Término de materia o nombre geográfico como elemento inicial | asesoramiento |
| 9 (RLIN) | 29786 |
| 650 #4 - ASIENTO SECUNDARIO DE MATERIA--TÉRMINO DE MATERIA | |
| Término de materia o nombre geográfico como elemento inicial | servicios consultivos en materia de gestión |
| 9 (RLIN) | 29652 |
| 650 #4 - ASIENTO SECUNDARIO DE MATERIA--TÉRMINO DE MATERIA | |
| Término de materia o nombre geográfico como elemento inicial | organización regional |
| 9 (RLIN) | 26703 |
| 653 10 - TÉRMINO DE INDEXACIÓN--NO CONTROLADO | |
| Término no controlado | Empresa |
| 650 #4 - ASIENTO SECUNDARIO DE MATERIA--TÉRMINO DE MATERIA | |
| 9 (RLIN) | 28178 |
| Término de materia o nombre geográfico como elemento inicial | empresa |
| 650 #4 - ASIENTO SECUNDARIO DE MATERIA--TÉRMINO DE MATERIA | |
| 9 (RLIN) | 29242 |
| Término de materia o nombre geográfico como elemento inicial | creación de empleos |
| 650 #4 - ASIENTO SECUNDARIO DE MATERIA--TÉRMINO DE MATERIA | |
| 9 (RLIN) | 26641 |
| Término de materia o nombre geográfico como elemento inicial | ayuda económica |
| 773 0# - ENTRADA DE DOCUMENTO FUENTE | |
| Título | Revista de economía y sociología del trabajo |
| Parte(s) relacionada(s) | Madrid. - N. 29-30 ; (sept.-dic. 1995) ; p. 45-47 |
| Número de control del registro relacionado | (ES-MaCES)25168 |
| 902 ## - CES. TIPO DE DOCUMENTO | |
| Tipodoc (006$c Sirtex) | ART Artículo de revista |
| 942 ## - ELEMENTOS KOHA | |
| Fuente de clasificaión o esquema | Clasificación propia del CES |
| Koha [por defecto] tipo de item | Artículos (1982-2017) |
| Parte de clasificación | 0.0. |
No hay ítems disponibles.
